[Event "Aguadilla De Diego Cup 18th"]
[Site "Aguadilla"]
[Date "2021.04.17"]
[Round "2"]
[White "Campiz Jimenez, Leonardo"]
[Black "Soriano Pereira, Raymond"]
[Result "1/2-1/2"]
[WhiteElo "1971"]
[BlackElo "1646"]
[PlyCount "97"]
[EventDate "2021.04.16"]
[EventType "swiss"]
[EventRounds "5"]
[EventCountry "PUR"]
[SourceTitle "EXT 2022"]
[Source "ChessBase"]
[SourceDate "2021.10.06"]
[SourceVersion "1"]
[SourceVersionDate "2021.10.06"]
[SourceQuality "1"]

1. c4 e5 2. Nc3 Nf6 3. Nf3 Nc6 4. g3 Bc5 5. Nxe5 Nxe5 6. d4 Bxd4 7. Qxd4 d6 8. Bg2 0-0 9. 0-0 Nc6 10. Qd2 Be6 11. b3 Qd7 12. Nd5 Bxd5 13. cxd5 Ne7 14. Bb2 Qf5 15. e4 Qg6 16. Rac1 Rfc8 17. f3 Ne8 18. g4 c6 19. dxc6 Rxc6 20. Qb4 Rb6 21. Qd2 h5 22. h3 Nc6 23. Rfd1 hxg4 24. hxg4 Ne5 25. Qf4 Qe6 26. Bf1 Ng6 27. Qf5 Qe7 28. g5 a5 29. Bd4 Rc6 30. Bb5 Rxc1 31. Rxc1 Nh4 32. Qg4 Nxf3+ 33. Qxf3 Qxg5+ 34. Kf2 Qxc1 35. Bc4 Qd2+ 36. Kf1 Nf6 37. Bxf6 gxf6 38. Qxf6 Qd1+ 39. Kf2 Qh5 40. Qxd6 Rc8 41. Qg3+ Kh8 42. Qf4 Rxc4 43. bxc4 Qc5+ 44. Kf3 Qxc4 45. Qh6+ Kg8 46. Qg5+ Kf8 47. Qd8+ Kg7 48. Qg5+ Kh7 49. Qh5+ 1/2-1/2

[Event "Continental Class-ch"]
[Site "Arlington"]
[Date "2010.10.07"]
[Round "1"]
[White "Campiz Jimenez, Leonardo"]
[Black "Yang, Darwin"]
[Result "0-1"]
[WhiteElo "2070"]
[BlackElo "2402"]
[PlyCount "80"]
[EventDate "2010.10.07"]
[EventType "swiss"]
[EventRounds "9"]
[EventCountry "USA"]
[SourceTitle "CBM 138 Extra"]
[Source "ChessBase"]
[SourceDate "2010.10.29"]
[SourceVersion "1"]
[SourceVersionDate "2010.10.29"]
[SourceQuality "1"]

1. c4 c5 2. Nf3 Nc6 3. d4 cxd4 4. Nxd4 e6 5. Nc2 Nf6 6. Nc3 d5 7. e3 Bc5 8. Be2 0-0 9. cxd5 exd5 10. 0-0 Bf5 11. Bd3 Bg4 12. Be2 Be6 13. b3 a6 14. Bb2 Rc8 15. Na4 Bd6 16. Nd4 b5 17. Nc3 Nxd4 18. Qxd4 Qc7 19. Qh4 Be5 20. Rac1 Qb7 21. f4 Bd6 22. Bd3 Be7 23. Qg3 Rfe8 24. Ne2 Bd7 25. Bd4 b4 26. Rcd1 Bb5 27. Bxb5 Qxb5 28. Rd2 g6 29. Bxf6 Bxf6 30. Rfd1 Rc5 31. Qf3 Qb6 32. Nd4 Rc3 33. Qxd5 Rcxe3 34. Kf1 Qc7 35. g3 Qc8 36. Qg2 Qg4 37. h3 Qxg3 38. Qxg3 Rxg3 39. Nc6 Re4 40. Rd3 Rxf4+ 0-1

[Event "Miami op"]
[Site "Miami"]
[Date "2007.09.28"]
[Round "4"]
[White "Campiz Jimenez, Leonardo"]
[Black "Williams, Christopher"]
[Result "0-1"]
[WhiteElo "2131"]
[BlackElo "2179"]
[PlyCount "95"]
[EventDate "2007.09.26"]
[EventType "swiss"]
[EventRounds "9"]
[EventCountry "USA"]
[SourceTitle "CBM 120 Extra"]
[Source "ChessBase"]
[SourceDate "2007.11.01"]
[SourceVersion "1"]
[SourceVersionDate "2007.11.01"]
[SourceQuality "1"]

1. c4 e5 2. g3 Nf6 3. Bg2 Nc6 4. a3 g6 5. Nc3 Bg7 6. e3 0-0 7. Nge2 b6 8. 0-0 Bb7 9. d3 Qe7 10. h3 Rae8 11. e4 Nb8 12. f4 exf4 13. Nxf4 c6 14. Kh2 Na6 15. d4 d6 16. b4 c5 17. e5 dxe5 18. dxe5 Bxg2 19. Nxg2 Qxe5 20. Bb2 Ne4 21. Nxe4 Qxb2 22. Qf3 Qc2 23. Rae1 cxb4 24. Rf2 Qa4 25. axb4 Qxb4 26. Rfe2 Rd8 27. Ne3 Nc7 28. Nf6+ Kh8 29. Neg4 Qxc4 30. Ne5 Qd4 31. Re4 Qd6 32. Rf4 Ne6 33. Nc4 Qd3 34. Re3 Qc2+ 35. Re2 Qd1 36. Rh4 h6 37. Qf2 Rd4 38. Rd2 Rxd2 39. Nxd2 Ng5 40. Rd4 Qa1 41. Rd6 Qe5 42. Nc4 Qc3 43. Nd2 Qc8 44. h4 Qh3+ 45. Kg1 Ne6 46. Nd7 Kg8 47. Nxf8 Bxf8 48. Rd3 0-1

[Event "Miami op"]
[Site "Miami"]
[Date "2007.09.27"]
[Round "2"]
[White "Campiz Jimenez, Leonardo"]
[Black "Bick, John D"]
[Result "1/2-1/2"]
[WhiteElo "2131"]
[BlackElo "2217"]
[PlyCount "107"]
[EventDate "2007.09.26"]
[EventType "swiss"]
[EventRounds "9"]
[EventCountry "USA"]
[SourceTitle "CBM 120 Extra"]
[Source "ChessBase"]
[SourceDate "2007.11.01"]
[SourceVersion "1"]
[SourceVersionDate "2007.11.01"]
[SourceQuality "1"]

1. c4 b6 2. Nc3 Bb7 3. e4 e6 4. Nf3 Bb4 5. d3 Ne7 6. a3 Bxc3+ 7. bxc3 0-0 8. Be2 f5 9. e5 Ng6 10. d4 Nh4 11. Nxh4 Qxh4 12. Bf3 Nc6 13. Bxc6 Bxc6 14. 0-0 f4 15. f3 Rf5 16. Qe1 Qh5 17. Ra2 Raf8 18. Qf2 Rg5 19. Bd2 Rg6 20. Kh1 Rf5 21. Be1 Rh6 22. h3 g5 23. Kg1 Qf7 24. Qc2 Rg6 25. Qd3 h5 26. Rd2 Bb7 27. d5 Rxe5 28. dxe6 Rgxe6 29. Bf2 d6 30. Bd4 Rf5 31. Re2 Ba6 32. Rxe6 Qxe6 33. Qd2 Bxc4 34. Re1 Qd7 35. Qc2 c5 36. Bf2 d5 37. Re8+ Kg7 38. Qb1 Qxe8 39. Qxf5 Qg6 40. Qd7+ Qf7 41. Qd8 Qf6 42. Qd7+ Qf7 43. Qd8 Qf6 44. Qd7+ Kg6 45. Qxa7 h4 46. a4 d4 47. cxd4 cxd4 48. Qd7 d3 49. Bd4 Qf7 50. Qd8 d2 51. Bc3 Qd5 52. Qf6+ Kh5 53. Qh8+ Kg6 54. Qf6+ 1/2-1/2

[Event "Miami op"]
[Site "Miami"]
[Date "2007.09.26"]
[Round "1"]
[White "Sarkar, Justin"]
[Black "Campiz Jimenez, Leonardo"]
[Result "1-0"]
[WhiteElo "2403"]
[BlackElo "2131"]
[PlyCount "69"]
[EventDate "2007.09.26"]
[EventType "swiss"]
[EventRounds "9"]
[EventCountry "USA"]
[SourceTitle "CBM 120 Extra"]
[Source "ChessBase"]
[SourceDate "2007.11.01"]
[SourceVersion "1"]
[SourceVersionDate "2007.11.01"]
[SourceQuality "1"]

1. d4 Nf6 2. c4 e6 3. Nc3 Bb4 4. Qc2 Nc6 5. Nf3 d6 6. Bd2 e5 7. d5 Bxc3 8. Bxc3 Nb8 9. e4 Nbd7 10. Be2 a5 11. 0-0 0-0 12. b3 Nc5 13. Nd2 Ng4 14. h3 Nh6 15. a3 f5 16. f4 exf4 17. e5 dxe5 18. Bxe5 Nf7 19. Bxf4 Nd6 20. b4 axb4 21. axb4 Rxa1 22. Rxa1 Qf6 23. Ra3 Re8 24. Nf3 Na6 25. c5 Nxb4 26. Qd2 Nf7 27. Qxb4 Rxe2 28. Qb5 Re4 29. Ra8 Qd8 30. Bxc7 Qxc7 31. d6 Nxd6 32. cxd6 Qc1+ 33. Kh2 Qf4+ 34. g3 Qxf3 35. Qd5+ 1-0

[Event "Puerto Rico-ch"]
[Site "Puerto Rico"]
[Date "2007.07.25"]
[Round "9"]
[White "Rodriguez Santiago, Jaime"]
[Black "Campiz Jimenez, Leonardo"]
[Result "1-0"]
[WhiteElo "2030"]
[BlackElo "2131"]
[PlyCount "89"]
[EventDate "2007.07.13"]
[EventType "tourn"]
[EventRounds "11"]
[EventCountry "PUR"]
[SourceTitle "EXT 2010"]
[Source "ChessBase"]
[SourceDate "2010.11.25"]
[SourceVersion "1"]
[SourceVersionDate "2010.11.25"]
[SourceQuality "1"]

1. d4 Nf6 2. c4 e6 3. Nf3 c5 4. d5 exd5 5. cxd5 d6 6. Nc3 a6 7. a4 g6 8. e4 Bg4 9. Be2 Bxf3 10. Bxf3 Bg7 11. 0-0 0-0 12. Bf4 Ne8 13. Re1 Nd7 14. a5 Ne5 15. Bxe5 Bxe5 16. Qb3 Nf6 17. Na4 Qxa5 18. Qxb7 Rab8 19. Qa7 Rb4 20. Nc3 Qb6 21. Qxb6 Rxb6 22. Ra2 Rfb8 23. Nd1 Rb4 24. Rxa6 Rd4 25. Rc6 Kg7 26. Rc7 Rbb4 27. g3 Rd2 28. Bg2 Bd4 29. Bh3 Rbxb2 30. Nxb2 Rxb2 31. Rf1 Nxe4 32. Be6 Ng5 33. h4 Nf3+ 34. Kh1 Ne5 35. f4 Nd3 36. Rxf7+ Kh8 37. g4 h5 38. g5 Nf2+ 39. Kg2 Ng4+ 40. Kg3 Bf2+ 41. Rxf2 Nxf2 42. f5 gxf5 43. g6 Ne4+ 44. Kf4 Nf6 45. Kg5 1-0

[Event "Puerto Rico-ch"]
[Site "Puerto Rico"]
[Date "2007.07.24"]
[Round "8"]
[White "Campiz Jimenez, Leonardo"]
[Black "Freyre Forest, Jorge"]
[Result "1/2-1/2"]
[WhiteElo "2131"]
[BlackElo "2165"]
[PlyCount "33"]
[EventDate "2007.07.13"]
[EventType "tourn"]
[EventRounds "11"]
[EventCountry "PUR"]
[SourceTitle "EXT 2010"]
[Source "ChessBase"]
[SourceDate "2010.11.25"]
[SourceVersion "1"]
[SourceVersionDate "2010.11.25"]
[SourceQuality "1"]

1. c4 c6 2. Nf3 d5 3. e3 e6 4. b3 Nf6 5. Bb2 Bd6 6. Be2 0-0 7. 0-0 Qe7 8. Nc3 Nbd7 9. Qc2 Re8 10. d4 a6 11. e4 Nxe4 12. Nxe4 dxe4 13. Qxe4 e5 14. dxe5 Nxe5 15. Nxe5 Bxe5 16. Bxe5 Qxe5 17. Qxe5 1/2-1/2

[Event "Puerto Rico-ch"]
[Site "Puerto Rico"]
[Date "2007.07.20"]
[Round "5"]
[White "Machin Rivera, Mark"]
[Black "Campiz Jimenez, Leonardo"]
[Result "1/2-1/2"]
[WhiteElo "2177"]
[BlackElo "2131"]
[PlyCount "140"]
[EventDate "2007.07.13"]
[EventType "tourn"]
[EventRounds "11"]
[EventCountry "PUR"]
[SourceTitle "EXT 2010"]
[Source "ChessBase"]
[SourceDate "2010.11.25"]
[SourceVersion "1"]
[SourceVersionDate "2010.11.25"]
[SourceQuality "1"]

1. e4 c5 2. Nf3 Nc6 3. d4 cxd4 4. Nxd4 g6 5. Nc3 Bg7 6. Be3 Nf6 7. Bc4 0-0 8. Bb3 d6 9. f3 Bd7 10. Qd2 Nxd4 11. Bxd4 b5 12. a3 a5 13. Nd5 Nxd5 14. Bxg7 Kxg7 15. exd5 Qb6 16. 0-0-0 b4 17. a4 Qd8 18. h4 h6 19. Rde1 Qe8 20. h5 g5 21. Kb1 Bf5 22. Qe3 Rc8 23. Qxe7 Qxe7 24. Rxe7 Rfe8 25. Rhe1 Kf8 26. Rxe8+ Rxe8 27. Rxe8+ Kxe8 28. Kc1 Kd8 29. Kd2 Kc7 30. c3 bxc3+ 31. Kxc3 Kb6 32. Kd4 f6 33. Bd1 Bb1 34. b3 Bf5 35. Be2 Bd7 36. Bd3 f5 37. Kc4 f4 38. Bg6 g4 39. Kd4 gxf3 40. gxf3 Bh3 41. Ke4 Kc5 42. Be8 Kb4 43. Kxf4 Kxb3 44. Kg3 Bc8 45. Kf4 Kc4 46. Ke4 Bh3 47. Bc6 Bg2 48. Bd7 Kc5 49. Be6 Kb4 50. Bd7 Kc5 51. Bc6 Bh3 52. Bb5 Bg2 53. Bd7 Kc4 54. Bc6 Kb4 55. Bd7 Kc4 56. Bc6 Kb4 57. Ke3 Kc4 58. Bb7 Kb4 59. Bc8 Kxa4 60. Kf2 Bh1 61. Be6 Kb4 62. f4 Be4 63. f5 Bxf5 64. Bxf5 a4 65. Ke3 Kb3 66. Kd4 a3 67. Bd3 Kb2 68. Bc4 Kc2 69. Ba2 Kb2 70. Bc4 Kc2 1/2-1/2

[Event "PUR-ch"]
[Site "Caguas"]
[Date "2006.03.17"]
[Round "1"]
[White "Campiz Jimenez, Leonardo"]
[Black "Berrios Echevarria, Gabriel"]
[Result "1/2-1/2"]
[WhiteElo "2168"]
[BlackElo "2032"]
[PlyCount "69"]
[EventDate "2006.03.17"]
[EventType "swiss"]
[EventRounds "9"]
[EventCountry "PUR"]
[SourceTitle "EXT 2008"]
[Source "ChessBase"]
[SourceDate "2007.11.25"]
[SourceVersion "1"]
[SourceVersionDate "2007.11.25"]
[SourceQuality "1"]

1. c4 e5 2. g3 Nf6 3. Bg2 Nc6 4. d3 d5 5. cxd5 Nxd5 6. Nf3 Be7 7. 0-0 0-0 8. Nc3 Nb6 9. Bd2 Be6 10. a3 f6 11. b4 a5 12. b5 Nd4 13. Nxd4 exd4 14. Na4 Bd5 15. Nxb6 cxb6 16. a4 Bxg2 17. Kxg2 Qd5+ 18. Kg1 Bc5 19. Rb1 Rfe8 20. Re1 Kf8 21. Qb3 Qh5 22. e4 dxe3 23. Bxe3 Rad8 24. Bxc5+ Qxc5 25. Rbc1 Qd6 26. Rxe8+ Rxe8 27. d4 Rd8 28. h3 Qxd4 29. Rc7 Qd1+ 30. Qxd1 Rxd1+ 31. Kg2 Rd4 32. Rxb7 Rxa4 33. Rxb6 Rb4 34. Rb7 a4 35. Ra7 1/2-1/2

[Event "Olympiad-32"]
[Site "Yerevan"]
[Date "1996.09.30"]
[Round "13.4"]
[White "Campiz Jimenez, Leonardo"]
[Black "Schepel, Kaarlo"]
[Result "1-0"]
[WhiteElo "2190"]
[BlackElo "2160"]
[PlyCount "93"]
[EventDate "1996.09.15"]
[EventType "team-swiss"]
[EventRounds "14"]
[EventCountry "ARM"]
[SourceTitle "CBM 055"]
[Source "ChessBase"]
[SourceDate "1996.12.01"]
[SourceVersion "1"]
[SourceVersionDate "1996.12.01"]
[SourceQuality "1"]
[WhiteTeam "Puerto Rico"]
[BlackTeam "Hong Kong"]
[WhiteTeamCountry "PUR"]
[BlackTeamCountry "HKG"]

1. c4 g6 2. e4 c5 3. Nf3 Nc6 4. d4 cxd4 5. Nxd4 Bg7 6. Be3 Nf6 7. Nc3 Qa5 8. Nb3 Qd8 9. Be2 d6 10. 0-0 0-0 11. Rc1 Be6 12. f3 Nd7 13. Qd2 Na5 14. Nxa5 Qxa5 15. b3 f5 16. exf5 Rxf5 17. Bd3 Rf7 18. Be4 Nc5 19. Bb1 Raf8 20. Kh1 Bf5 21. Bxf5 Rxf5 22. Rfe1 Be5 23. Bxc5 Qxc5 24. Qd5+ R8f7 25. Qxc5 dxc5 26. Ne4 Rh5 27. h3 Bd4 28. Rcd1 e5 29. Kh2 Rh6 30. Rd3 Kg7 31. Re2 a6 32. g4 b5 33. Rc2 Rd7 34. Kg2 Rc7 35. Kg3 g5 36. Nxg5 Rd6 37. Ne4 bxc4 38. Rxc4 Rb6 39. Rd2 Be3 40. Rd5 Bd4 41. Nxc5 Kf7 42. Rd7+ Rxd7 43. Nxd7 Rd6 44. Nc5 h5 45. Ne4 Rd7 46. g5 Be3 47. Kh4 1-0